Les 12 pays asiatiques avec le IDH le plus élevés - Statistiques

Statistiques générales
  • Ce quiz a été pris 111 fois
  • Le résultat moyen est 8 sur 12
Statistiques - réponses
IDH Pays % Correct
0,903 Japon
97%
0,901 Corée du Sud
94%
0,925 Singapour
88%
0,856 Qatar
82%
0,899 Israël
72%
0,847 Arabie Saoudite
70%
0,824 Bahrein
68%
0,800 Koweit
67%
0,840 Emirats Arabes Unis
65%
0,865 Brunei
53%
0,917 Hong-Kong
22%
0,905 Macao
22%
Aucun quiz correspondant
Distribution des résultats
% des personnes avec chaque résultat
Percentile par nombre de réponses
Votre historique - résultats
Vous n’avez pas pris ce quiz